| 000 | 00610nam a2200193Ia 4500 | ||
|---|---|---|---|
| 008 | 220216s9999 xx 000 0 und d | ||
| 100 | _aMeng X D | ||
| 245 | 0 | _aStudy on the rapid vulcanization of natural rubber at high temperature | |
| 260 | _bInternational Rubber Conference 1997. Rubber Science and Technology: Improving Quality of Life, Kuala Lumpur, Malaysia 6-9 Oct 1997; p387-392 | ||
| 650 | _aNatural rubber | ||
| 650 | _aRapid vulcanization | ||
| 700 | _aDu A H | ||
| 700 | _aFan R L | ||
| 700 | _aJi K J | ||
| 700 | _aSong C J | ||
| 700 | _aWang H B | ||
| 700 | _aZhang G N | ||
| 942 | _cJS | ||
| 999 |
_c69871 _d69871 |
||